| 000 | 00598nam a2200181 i 4500 | ||
|---|---|---|---|
| 001 | 128679 | ||
| 003 | ES-MaACL | ||
| 005 | 20230906193336.0 | ||
| 007 | t| | ||
| 008 | 070523s1967 sp ||||1| spa d | ||
| 080 | _a726.4(467.11 B.)Buen Consejo | ||
| 100 | 1 |
_aTarín Iglesias, Josep. _9109293 |
|
| 245 | 1 | 3 |
_aLa Capilla del Buen Consejo / _cJosep Tarín Iglesias. |
| 260 |
_aBarcelona : _bAyuntamiento, Museo de Historia de la Ciudad, _c1967. |
||
| 300 |
_a58 p., 3 h. : _bil. ; _c32 cm. |
||
| 710 | 2 |
_aMuseo de Historia de la Ciudad (Barcelona) _95854 |
|
| 852 |
_aES-MaACL _jC-33367 _bR.63017 |
||
| 999 |
_c128679 _d128679 |
||